000 00535nam a2200193Ia 4500
005 20260429111959.0
008 260429s9999||||xx |||||||||||||| ||und||
020 _a9798886130171
041 _aEnglish
082 _a620.118
_bLAK
100 _aLakes, Roderic
245 0 _aComposites and metamaterials /
_cRoderic Lakes
260 _aSingapore :
_bWorld Scientific Publishing,
_c2024.
300 _axiii, 263 p.; pbk
650 _a Composite materials
650 _a Metamaterials
650 _aMaterials science
942 _cTB
999 _c51730
_d51730